00354 2200157 4500001002100000005001500021035002000036245003100056100001900087300001100106260003300117082000800150084001400158990001200172990001200184INLIS00000000000195420250523091611 a0010-05250002461 aMaterial /cAlastair Smith0 aAlastair Smith a63 hlm aBandung :bPakar Raya,c2006 a600 a600 ALA m a0713498 a0713499